| Tag |
First Indicator |
Second Indicator |
Subfields |
| LEADER |
00000cam a2200000 a 4500 |
| 001 |
in00001513821 |
| 005 |
20230530203342.1 |
| 008 |
991122s1999 waua b 101 0 eng d |
| 020 |
|
|
|a 0819432997
|
| 035 |
|
|
|a (OCoLC)42869735
|
| 035 |
|
|
|9 AJL6751AM
|
| 040 |
|
|
|a LHL
|c LHL
|d TXA
|d UtOrBLW
|
| 049 |
|
|
|a TXAM
|
| 090 |
|
|
|a QA403.3
|b .W836 1999
|
| 245 |
0 |
0 |
|a Wavelet applications in signal and image processing VII :
|b 19-23 July 1999, Denver, Colorado /
|c Michael A. Unser, Akram Aldroubi, Andrew F. Laine, chairs/editors ; sponsored and published by SPIE--the International Society for Optical Engineering ; cooperating organization, Society for Industrial and Applied Mathematics (SIAM).
|
| 246 |
1 |
|
|a Wavelet applications in signal and image processing seven
|
| 246 |
1 |
|
|a Wavelet applications in signal and image processing 7
|
| 264 |
|
1 |
|a Bellingham, Washington :
|b SPIE,
|c [1999]
|
| 264 |
|
4 |
|c ©1999
|
| 300 |
|
|
|a xii, 982 pages :
|b illustrations ;
|c 28 cm.
|
| 336 |
|
|
|a text
|b txt
|2 rdacontent
|
| 337 |
|
|
|a unmediated
|b n
|2 rdamedia
|
| 338 |
|
|
|a volume
|b nc
|2 rdacarrier
|
| 490 |
1 |
|
|a Proceedings / SPIE--the international society for optical engineering ;
|v v. 3813
|
| 504 |
|
|
|a Includes bibliographical references and index.
|
| 650 |
|
0 |
|a Signal processing
|x Mathematics
|v Congresses.
|
| 650 |
|
0 |
|a Image processing
|x Mathematics
|v Congresses.
|
| 650 |
|
0 |
|a Wavelets (Mathematics)
|v Congresses.
|
| 700 |
1 |
|
|a Unser, Michael A.
|
| 700 |
1 |
|
|a Aldroubi, Akram.
|
| 700 |
1 |
|
|a Laine, Andrew.
|
| 710 |
2 |
|
|a Society of Photo-optical Instrumentation Engineers.
|
| 710 |
2 |
|
|a Society for Industrial and Applied Mathematics.
|
| 830 |
|
0 |
|a Proceedings of SPIE--the International Society for Optical Engineering ;
|v v. 3813.
|
| 856 |
4 |
1 |
|u https://www.spiedigitallibrary.org/conference-proceedings-of-SPIE/3813.toc
|t 0
|
| 948 |
|
|
|a c:dm
|
| 999 |
|
|
|a MARS
|
| 999 |
f |
f |
|s fc5803f5-6c50-3db4-ade9-6b24f6ecc3f4
|i 800e6257-2014-386d-b979-05f6e6dcaeca
|t 0
|
| 952 |
f |
f |
|p ric
|a Texas A&M University
|b Rellis Campus
|c Joint Library Facility
|d Remote Storage
|t 0
|e QA403.3 .W836 1999
|h Library of Congress classification
|i unmediated -- volume
|m A14825408660
|
| 998 |
f |
f |
|a QA403.3 .W836 1999
|t 0
|l Remote Storage
|